Leben und Thaten, Des Beltberuhmten herrn Francisci. (Record no. 5571)
[ view plain ]
| 000 -CABECERA | |
|---|---|
| campo de control de longitud fija | 00650nam a2200205 a 4500 |
| 001 - NÚMERO DE CONTROL | |
| campo de control | BRCA_5882 |
| 005 - FECHA Y HORA DE LA ÚLTIMA TRANSACCIÓN | |
| campo de control | 20190320205242.0 |
| 008 - DATOS DE LONGITUD FIJA--INFORMACIÓN GENERAL | |
| campo de control de longitud fija | 170311s1747----gw-#######---#000-0dspa-# |
| 041 ## - CÓDIGO DE LENGUA | |
| Código de lengua del texto/banda sonora o título independiente | ger |
| 044 ## - CÓDIGO DEL PAÍS DE LA ENTIDAD EDITORA/PRODUCTORA | |
| Código MARC del país | gw |
| 100 1# - ENTRADA PRINCIPAL--NOMBRE DE PERSONA | |
| Nombre de persona | Trenk, Fren Herrns von. |
| 9 (RLIN) | 14879 |
| 245 10 - MENCIÓN DE TÍTULO | |
| Título | Leben und Thaten, Des Beltberuhmten herrn Francisci. |
| 260 ## - PUBLICACIÓN, DISTRIBUCIÓN, ETC. | |
| Lugar de publicación, distribución, etc. | Frandfurth und Leipzig |
| Fecha de publicación, distribución, etc. | 1747 |
| 300 ## - DESCRIPCIÓN FÍSICA | |
| Extensión | 376 p. |
| Dimensiones | 17 cm. |
| 500 ## - NOTA GENERAL | |
| Nota general | Contiene una inscripción al interior de la pasta principal; contiene una hoja casi despegada. |
| 500 ## - NOTA GENERAL | |
| Nota general | H125 |
| 600 14 - PUNTO DE ACCESO ADICIONAL DE MATERIA--NOMBRE DE PERSONA | |
| Nombre de persona | Francisci. |
| Títulos y otros términos asociados al nombre | Beltberuhmten Francisci. |
| Subdivisión de forma | Biografía |
| Subdivisión geográfica | Leipzig |
| Subdivisión cronológica | 1747 |
| 9 (RLIN) | 14880 |
| 902 ## - CATALOGADOR | |
| Iniciales | GFM |
| 942 ## - ELEMENTOS DE PUNTO DE ACCESO ADICIONAL (KOHA) | |
| Fuente del sistema de clasificación o colocación | Library of Congress Classification |
| Tipo de ítem Koha | Libros |
| Estado de retiro | Estado de pérdida | Estado dañado | No para préstamo | Localización permanente | Ubicación/localización actual | Fecha de adquisición | Número de inventario | Total de préstamos | Signatura topográfica completa | Código de barras | Fecha visto por última vez | Precio válido a partir de | Tipo de ítem Koha |
|---|---|---|---|---|---|---|---|---|---|---|---|---|---|
| El ejemplar forma parte de la colección y puede ser consultado según las políticas vigentes. | Biblioteca del Museo Franz Mayer (Rogerio Casas-Alatriste) | Biblioteca del Museo Franz Mayer (Rogerio Casas-Alatriste) | 16/03/2011 | H125 | (H125) | 6321 | 22/03/2019 | 22/03/2019 | Libros |